000 00514nam a22001577a 4500
003 OSt
008 260428b |||||||| |||| 00| 0 eng d
082 _a634.44
_bS41E
100 _aShrestha, Arjun Kumar
245 _aEffect of Nutrients and Growth Substances on Fruit Retention, Physico-Chemical Composition and Shelf-Life of Mango (Mangifera Indica L.) CV. Langra
260 _aPusa, Samastipur
_bRAU
_c1998
300 _a112P.
502 _bMsc.
_d1998
650 _aFruit and Fruit Technology
942 _2ddc
_cT
999 _c50232
_d50232